| 000 | 00664cam a22002291 4500 | ||
|---|---|---|---|
| 001 | af 47002138 | ||
| 003 | DLC | ||
| 005 | 20260227110812.0 | ||
| 008 | 931208s1944 gw a 000 0 ger | ||
| 010 | _aaf 47002138 | ||
| 035 | _a(OCoLC)29448852 | ||
| 040 |
_aDLC _cNcD _dDLC |
||
| 042 | _apremarc | ||
| 050 | 0 | 0 |
_aU135.G3 _bH35 1914 |
| 100 | 1 |
_aHanstein, Hans von, _d1883- |
|
| 245 | 1 | 4 |
_aDer gerätunteroffizier, _cvon Hans v. Hanstein ... |
| 250 | _a2. verb. aufl. | ||
| 260 |
_aBerlin, _bBernard & Graefe, _c1944 |
||
| 300 |
_a204 p _bincl. tables, forms. _c18 cm. |
||
| 490 | 0 |
_aDer Unteroffizier, _vhft. 13 |
|
| 610 | 1 | 0 |
_aGermany. _bHeer _xOfficers' handbooks. |
| 999 |
_c1577 _d1577 |
||